Teaching English in the primary classroom
Đã lưu trong:
| 主要作者: | |
|---|---|
| 格式: | 圖書 |
| 語言: | Undetermined |
| 出版: |
London
Longman
1998
|
| 主題: | |
| 標簽: |
添加標簽
沒有標簽, 成為第一個標記此記錄!
|
| Thư viện lưu trữ: | Trung tâm Học liệu Trường Đại học Cần Thơ |
|---|
| LEADER | 00557nam a2200193Ia 4500 | ||
|---|---|---|---|
| 001 | CTU_35047 | ||
| 008 | 210402s9999 xx 000 0 und d | ||
| 020 | |b 45.000đ | ||
| 082 | |a 428.24 | ||
| 082 | |b H191 | ||
| 100 | |a Susan Halliwell | ||
| 245 | 0 | |a Teaching English in the primary classroom | |
| 245 | 0 | |c Susan Halliwell | |
| 260 | |a London | ||
| 260 | |b Longman | ||
| 260 | |c 1998 | ||
| 650 | |a english language - study and teaching ( primary ) - foreign speakers | ||
| 904 | |i Minh, 000215 | ||
| 980 | |a Trung tâm Học liệu Trường Đại học Cần Thơ | ||